Économie du développement : Les enjeux d'un développement à visage humain (notice n° 2198528)

détails MARC
000 -LEADER
fixed length control field 01745cam a2200157 4500500
005 - DATE AND TIME OF LATEST TRANSACTION
control field 20260405085546.0
041 ## - LANGUAGE CODE
Language code of text/sound track or separate title fre
042 ## - AUTHENTICATION CODE
Authentication code dc
100 10 - MAIN ENTRY--PERSONAL NAME
Personal name Brasseul, Jacques
Relator term author
245 00 - TITLE STATEMENT
Title Économie du développement : Les enjeux d'un développement à visage humain
260 ## - PUBLICATION, DISTRIBUTION, ETC.
Name of publisher, distributor, etc. Armand Colin,<br/>
Date of publication, distribution, etc. 2016.<br/>
520 ## - SUMMARY, ETC.
Summary, etc. L’économie du développement est-elle toujours légitime et nécessaire après l’émergence et le décollage de nombreux pays du tiers monde ? Les indépendances en Asie et en Afrique, les succès et les échecs des politiques de développement proposées aux trois quarts de la population mondiale ont, en leur temps, renforcé l’importance de cette discipline. Le passage au XXIe siècle, marqué par la mondialisation des économies, les changements politiques et la croissance rapide de pays du Sud, n’a pas rendu obsolète l’économie du développement. Malgré la réduction sans précédent de la pauvreté dans le monde depuis 1990 et le phénomène de rattrapage du Nord par le Sud, les inégalités tendent à s’accroître au sein des nations et près de la moitié des Africains restent pauvres.Il est donc indispensable, pour que l’économie serve au mieux les aspirations des êtres humains, de continuer à s’interroger sur les causes et les caractéristiques du sous-développement, ainsi que sur les différents modèles et théories du développement.C’est ce que propose ce livre, à jour des données les plus récentes et illustré de nombreux graphiques.
700 10 - ADDED ENTRY--PERSONAL NAME
Personal name Lavrard-Meyer, Cécile
Relator term author
700 10 - ADDED ENTRY--PERSONAL NAME
Personal name Lavrard-Meyer de Lisle, Cécile
Relator term author
856 41 - ELECTRONIC LOCATION AND ACCESS
Uniform Resource Identifier <a href="https://shs.cairn.info/economie-du-developpement--9782200612306?lang=fr&redirect-ssocas=7080">https://shs.cairn.info/economie-du-developpement--9782200612306?lang=fr&redirect-ssocas=7080</a>

Pas d'exemplaire disponible.

PLUDOC

PLUDOC est la plateforme unique et centralisée de gestion des bibliothèques physiques et numériques de Guinée administré par le CEDUST. Elle est la plus grande base de données de ressources documentaires pour les Étudiants, Enseignants chercheurs et Chercheurs de Guinée.

Adresse

627 919 101/664 919 101

25 boulevard du commerce
Kaloum, Conakry, Guinée

Réseaux sociaux

Powered by Netsen Group @ 2025